The Yakima /

Examines the culture, history, and changing fortunes of the Yakima Indians.

Bibliographic Details
Main Author: Schuster, Helen H.
Format: Book
Language:English
Published: New York : Chelsea House, [1990]
Series:Indians of North America (Chelsea House Publishers)
Subjects:

MARC

Tag First Indicator Second Indicator Subfields
LEADER 00000cam a2200000 a 4500
001 in00000982002
005 20150927112256.0
008 890830s1990 nyua b 00110 eng
010 |a  89023903  
020 |a 1555467350 
020 |a 0791004023 (pbk.) 
035 |a (OCoLC)20357735 
035 |9 AEW3726AM 
040 |a DLC  |c DLC  |d UtOrBLW 
043 |a n-us-wa 
049 |a TXAM 
050 0 0 |a E99.Y2  |b S38 1990 
082 0 0 |a 973/.04974  |2 20 
100 1 |a Schuster, Helen H. 
245 1 4 |a The Yakima /  |c Helen H. Schuster. 
264 1 |a New York :  |b Chelsea House,  |c [1990] 
264 4 |c ©1990 
300 |a 111 pages :  |b illustrations (some color) ;  |c 25 cm. 
336 |a text  |b txt  |2 rdacontent 
337 |a unmediated  |b n  |2 rdamedia 
338 |a volume  |b nc  |2 rdacarrier 
490 1 |a Indians of North America 
504 |a Includes bibliographical references (page 104). 
520 |a Examines the culture, history, and changing fortunes of the Yakima Indians. 
650 0 |a Yakama Indians. 
650 1 |a Yakama Indians. 
650 1 |a Indians of North America. 
830 0 |a Indians of North America (Chelsea House Publishers) 
999 |a MARS 
999 f f |s 6fe85cf7-6a32-3d0f-a15f-67c3a6d44fc9  |i 85cb0a71-3d88-339c-8053-7746763a1be3  |t 0 
952 f f |p ric  |a Texas A&M University  |b Rellis Campus  |c Joint Library Facility  |d Remote Storage  |t 0  |e E99.Y2 S38 1990  |h Library of Congress classification  |i unmediated -- volume  |m A14814375391 
998 f f |a E99.Y2 S38 1990  |t 0  |l Remote Storage